000 00837nam a2200181 a 4500
001 ASIN0070628432
005 20140821181823.0
008 140821s1994 xxu eng d
020 _a0070628432 (hardcover)
_c$60.00
020 _a9780070628434 (hardcover)
100 1 _aTabak, Daniel.
245 1 0 _aAdvanced microprocessors /
_cDaniel Tabak.
250 _a2 Sub ed.
260 _a[S.l.] :
_bMcgraw-Hill (Tx),
_c1994.
300 _a523 p. ;
_c23 cm.
520 _aThis reference to today's state-of-the-art microprocessors covers general principles before detailing each major family of machine, and comparing/contrasting their different performance applications. This updated edition includes a chapter on Pentium and a chapter on PowerPC.
856 4 0 _3Amazon.com
_uhttp://www.amazon.com/exec/obidos/ASIN/0070628432/chopaconline-20
999 _c8942
_d8942